000 01350nam a22003857a 4500
001 000041404
003 CHAP
005 20220329135656.0
008 971013s1975 r 00010 d
010 _a40346
011 _a41318
035 _a45444
040 _cCHAP
090 _aFolleto 1617
110 2 _aENA. Colegio de Postgraduados. Chapingo, Méx.
_936679
245 1 0 _aAportaciones del Colegio de Postgraduados de Chapingo al conocimiento del maíz en México.
260 _aChapingo, Méx. :
_bENA,
_c1975.
300 _a33 h.
590 _aBATCH-UPD
_b10
_c20130110
_lUCH01
_h1759
590 _aBATCH-UPD
_b10
_c20130410
_lUCH01
_h1135
590 _aBATCH-UPD
_b10
_c20130914
_lUCH01
_h1751
590 _aCONVERSION
_b10
_c20130109
_lUCH01
_h1322
590 _aE11695DGD
_b10
_c20141217
_lUCH01
_h0906
590 _aE5995AHE
_b05
_c20141215
_lUCH01
_h0928
650 1 4 _aMaíz
_xInvestigación
_xMéxico.
_970991
650 1 4 _aMaíz
_xMejoramiento.
_971006
901 _aBK
942 _cFOLL
942 _n0
949 _aFolleto 1617
_bBC
_cFOLL
_d-103784
_eTS1
_i45444
_si
949 _aFolleto 1617
_bBC
_cFOLL
_d-103786
_eTS2
_fc.2
_i45444
_si
949 _aFolleto 1617
_bBC
_cFOLL
_d-103787
_eTS2
_fc.3
_i45444
_si
949 _aFolleto 1617
_bBC
_cFOLL
_d-103788
_eTS2
_fc.4
_i45444
_si
949 _aFolleto 1617
_bBC
_cUACH
_d-103789
_eUACH
_fc.8
_i45444
_si
999 _c40346
_d40346